Frankie Muniz Filmography - Statistics

General Stats
  • This quiz has been taken 7 times
    2 since last reset
  • The average score is 5 of 87
Answer Stats
Type Year Name % Correct
Film 2002 Big Fat Liar
100%
TV Show 2000-2006 Malcolm in the Middle
100%
Film 2003 Agent Cody Banks
50%
Film 2004 Agent Cody Banks 2: Destination London
50%
TV Show 2002 Lizzie McGuire
50%
Film 2005 Racing Stripes
50%
Film 2003 Stuck on You
50%
Video Game 2000 102 Dalmatians: Puppies to the Rescue
0%
Theater 1993 A Christmas Carol
0%
TV Show 2005 All That
0%
TV Special 2005 All That 10th Anniversary Reunion Special
0%
TV Show 2004 American Idol
0%
Film 2016 Another Day in Paradise
0%
TV Show 2005 Arrested Development
0%
TV Show 2002 Australia's Funniest Home Video Show
0%
TV Show 2023 Awkwafina Is Nora from Queens
0%
Documentary Series 2005 Biography
0%
Music Video 2001 Boss of Me
0%
Film 2006 Choose Your Own Adventure: The Abominable Snowman
0%
TV Show 2003 Clifford the Big Red Dog
0%
TV Show 2007 Criminal Minds
0%
TV Show 2022 Criss Angel's Magic with the Stars
0%
TV Show 2017-2018 Dancing with the Stars
0%
TV Show 2018 Dancing with the Stars: Juniors
0%
Film 2006 Danny Roane: First Time Director
0%
TV Film 2013 Destruction: Las Vegas
0%
Film 2002 Deuces Wild
0%
Music Video 2022 Don't Let Me Down
0%
TV Show 2012 Don't Trust the B---- in Apartment 23
0%
Commercial 2002 Doritos 3D
0%
Film 2001 Dr. Dolittle 2
0%
Film 2008 Extreme Movie
0%
TV Show 2002 Fillmore!
0%
TV Special 2004 Frankie Muniz HoopLA Celebrity Basketball Event
0%
Commercial 2000 Got Milk?
0%
TV Special 2004 Granted
0%
Short Film 2013 Grapevine Valentine
0%
Film 2024 Half Baked: Totally High
0%
Web Series 2019 Harley Quinn
0%
TV Show 2004 Hollywood Squares
0%
TV Show 2024 I Can See Your Voice
0%
TV Show 2024 I'm a Celebrity, Get Me Out of Here!
0%
Film 2000 It Had to Be You
0%
TV Show 2012 Last Man Standing
0%
Short Film 1999 Little Man
0%
TV Show 2001 Live & Kicking
0%
Film 1999 Lost & Found
0%
TV Show 2000, 2001, 2002, 2004 Mad TV
0%
Web Series 2025 Malcolm in the Middle: Life's Still Unfair
0%
TV Film 2000 Miracle in Lane 2
0%
Documentary Series 2008 Modern Marvels
0%
TV Show 2003 Moville Mysteries
0%
Film 2000 My Dog Skip
0%
Film 2007 My Sexiest Year
0%
TV Show 2022 Name That Tune
0%
TV Show 2022 New Amsterdam
0%
Award Show 2000 Nickelodeon's Kids' Choice Awards 2000
0%
TV Show 2003 Pet Star
0%
Film 2011 Pizza Man
0%
TV Show 2017 Preacher
0%
TV Show 2003 Punk'd
0%
Film TBA Reapers Night
0%
Film 2025 Renner
0%
TV Show 1999 Sabrina the Teenage Witch
0%
TV Film 2015 Sharknado 3: Oh Hell No!
0%
TV Show 1998 Spin City
0%
Film 2006 Stay Alive
0%
TV Show 2001 The Andy Dick Show
0%
Film 2018 The Black String
0%
Web Series 2016 The Clean
0%
Theater 1999 The Death of Papa
0%
TV Show 2001-2005 The Fairly OddParents
0%
TV Show 2005 The Girls Next Door
0%
Film 2010 The Legend of Secret Pass
0%
TV Show 2015 The Mysteries of Laura
0%
TV Show 2002 The Nick Cannon Show
0%
TV Show 2002 The Nightmare Room
0%
TV Show 2021 The Rookie
0%
TV Show 2003 The Saturday Show
0%
TV Show 2001 The Simpsons
0%
Theater 1997 The Sound of Music
0%
TV Show 2022 The Surreal Life
0%
Theater 1996 The Wizard of Oz
0%
TV Show 2002 Titus
0%
TV Film 1997 To Dance with Olivia
0%
Film 2007 Walk Hard: The Dewey Cox Story
0%
TV Film 1997 What the Deaf Man Heard
0%
No matching quizzes found
Score Distribution
Percent of People with Each Score
Percentile by Number Answered
Your Score History
You have not taken this quiz since the last reset